| 000 | 00663nam a2200169Ia 4500 | ||
|---|---|---|---|
| 008 | 251009s9999||||xx |||||||||||||| ||und|| | ||
| 020 | _a9789561413399 | ||
| 082 | _a346.83 A346r 2013 | ||
| 100 |
_aAlcalde Rodríguez, Enrique _934191 |
||
| 245 | _aLa responsabilidad de los directores de sociedades anónimas: responsabilidad civil y penal administrativas. | ||
| 260 |
_c2013 _bSantiago de Chile _aEdiciones Universidad Católica de Chile |
||
| 300 | _a498p. | ||
| 650 |
_aResponsabilidad civil _zChile _923722 |
||
| 650 |
_aResponsabilidad penal _zChile _933470 |
||
| 650 |
_aDirectores de compañías _xSituación jurídica _zChile _934192 |
||
| 942 |
_2ddc _cLIBRO |
||
| 999 |
_c19192 _d19192 |
||